C'est Disney ? #2 - Statistiques

Statistiques générales
  • Ce quiz a été pris 2 586 fois
  • Le résultat moyen est 13 sur 16
Statistiques - réponses
Question Tuile Select % Correct
Ces films sont-ils des Classiques Disney ? Mon Voisin Totoro Non
99%
Ces films sont-ils des Classiques Disney ? Détective Pikachu Non
98%
Ces films sont-ils des Classiques Disney ? La Petite Sirène Oui
98%
Ces films sont-ils des Classiques Disney ? Hôtel Transylvanie Non
94%
Ces films sont-ils des Classiques Disney ? Fievel et le Trésor Perdu Non
93%
Ces films sont-ils des Classiques Disney ? Madagascar Non
92%
Ces films sont-ils des Classiques Disney ? Kuzco, l'Empereur Mégalo Oui
90%
Ces films sont-ils des Classiques Disney ? Tous en Scène Non
90%
Ces films sont-ils des Classiques Disney ? Bernard et Bianca au Pays des Kangourous Oui
89%
Ces films sont-ils des Classiques Disney ? Fantasia 2000 Oui
89%
Ces films sont-ils des Classiques Disney ? Les Rebelles de la Forêt Non
85%
Ces films sont-ils des Classiques Disney ? La Planète au Trésor Oui
79%
Ces films sont-ils des Classiques Disney ? Les Aventures de Tigrou Oui
76%
Ces films sont-ils des Classiques Disney ? Dingo et Max 2 Oui
70%
Ces films sont-ils des Classiques Disney ? Les Indestructibles 2 Oui
69%
Ces films sont-ils des Classiques Disney ? Atlantide 2 : Les Énigmes de l'Atlantide Non
29%
Aucun quiz correspondant
Distribution des résultats
% des personnes avec chaque résultat
Percentile par nombre de réponses
Votre historique - résultats
Vous n’avez pas pris ce quiz